000
00304nam a2200145Ia 4500
100
_a
Koop Ed/ Anne Prince
942
_c
BK
654
_a
Computer
245
_a
Murach''''s Visual basic 6
260
_b
B.P.B
_c
1999
082
_a
005.133'VB'
_b
koo
300
_a
617
546
_a
ENGLISH
999
_c
21736
_d
21736